Statistics for Liam Neeson Movies

Click here to take the quiz!

General Stats

  • This quiz has been taken 399 times
  • The average score is 6 of 15

Answer Stats

HintAnswer% Correct
Concerned Father travels to ParisTaken
94%
Trained Darth Vaders teacherStar Wars
78%
Three Children travel through a wordrobe to a fantasy landNarnia
69%
Concerned husband and father is at it againTaken 2
68%
Survivors of a plane crash survive the cold and the wolvesThe Grey
47%
Air Marshall getting a few textNon Stop
43%
Accompanies Face and Murdoc on a missionThe Ateam
39%
Does he have Amnesia? Cause someone else has his identityUnknown
34%
Trained the vigilante of GothamThe Dark Knight
27%
Release the Crackin'Clash of the titans
26%
This plastic world with a two personality police officerThe lego movie
26%
Body is burnt and he is looking for revengeDarkman
14%
She was hired by his wife to test his faithfulnessChloe
9%
Two individuals help out a girl who has trouble speakingNell
9%
Country boys travel to the City to take down the MafiaNext of Kin
5%

Score Distribution

Percentile by Number Answered

Percent of People with Each Score

Your Score History

You have not taken this quiz